Movies Quiz

Random Movies or Oscar Quiz

Same Role, Different Actors (Oscar Noms.) Quiz Stats

 Plays Quiz Updated Apr 11, 2014

Challenge
Share
Tweet
Embed
Score 0/24 Timer 04:00
0 Plays Today
Role Actors % Correct
Abraham LincolnDaniel Day-Lewis
93.3%
Rooster CogburnJohn Wayne
85.7%
Rooster CogburnJeff Bridges
79.5%
Richard NixonAnthony Hopkins
55.1%
Richard NixonFrank Langella
50.7%
Henry VLaurence Olivier
44.1%
Professor Henry HigginsRex Harrison
41.9%
Henry VKenneth Branagh
38.8%
Cyrano de BergeracGérard Depardieu
32.6%
Cyrano de BergeracJosé Ferrer
18.9%
Henry VIIICharles Laughton
17.7%
ChippingPeter O'Toole
17.3%
Role Actors % Correct
Henry VIIIRichard Burton
15.5%
Joe PendletonWarren Beatty
14.4%
Abraham LincolnRaymond Massey
12.9%
ChippingRobert Donat
12.1%
Vicki LesterJudy Garland
11.2%
Norman MaineJames Mason
9.5%
Leslie CrosbieBette Davis
8.5%
Professor Henry HigginsLeslie Howard
8%
Norman MaineFredric March
7.9%
Vicki LesterJanet Gaynor
6.4%
Joe PendletonRobert Montgomery
4.5%
Leslie CrosbieJeanne Eagels
2%

You're not logged in!

Compare scores with friends on all Sporcle quizzes.
OR
Log In

You Might Also Like...

Show Comments

Extras

Top Quizzes Today


Score Distribution

Your Account Isn't Verified!

In order to create a playlist on Sporcle, you need to verify the email address you used during registration. Go to your Sporcle Settings to finish the process.

Report this User

Report this user for behavior that violates our Community Guidelines.

Details: